[Event "FRA-chT4 1516"]
[Site "Champagne Ardenne"]
[Date "2016.01.31"]
[Round "5.7"]
[White "Desse, Mickael"]
[Black "Lambert, Alban"]
[Result "0-1"]
[WhiteElo "1580"]
[BlackElo "1627"]
[PlyCount "96"]
[EventDate "2015.12.06"]
[EventType "team-tourn"]
[EventRounds "7"]
[EventCountry "FRA"]
[SourceTitle "EXT 2024"]
[Source "ChessBase"]
[SourceDate "2023.10.10"]
[SourceVersion "1"]
[SourceVersionDate "2023.10.10"]
[SourceQuality "1"]

1. e4 d5 2. exd5 Qxd5 3. Nc3 Qd8 4. d4 g6 5. Nf3 Bg7 6. Bb5+ Bd7 7. Bxd7+ Nxd7 8. 0-0 Ngf6 9. Bf4 0-0 10. Qd2 c6 11. Bh6 Nd5 12. Nxd5 cxd5 13. Bxg7 Kxg7 14. Ne5 Qc7 15. Nxd7 Qxd7 16. Rfe1 e6 17. Rac1 b5 18. b3 Rfd8 19. Red1 Rab8 20. c4 dxc4 21. bxc4 bxc4 22. Rxc4 Rbc8 23. Rdc1 Rxc4 24. Rxc4 e5 25. d5 Qxd5 26. Qxd5 Rxd5 27. Kf1 a5 28. Ke2 f5 29. Rc7+ Kh6 30. f3 Rb5 31. Rc2 Kg5 32. Ke3 h5 33. g3 a4 34. h4+ Kh6 35. Rc4 Ra5 36. g4 hxg4 37. fxg4 a3 38. gxf5 gxf5 39. Kf3 Kh5 40. Ke3 f4+ 41. Kf3 Kxh4 42. Rc8 Kg5 43. Ke4 Ra4+ 44. Kxe5 f3 45. Rf8 Kg4 46. Rg8+ Kh3 47. Kf5 f2 48. Rh8+ Rh4 0-1

[Event "FRA-chT4 1516"]
[Site "Champagne Ardenne"]
[Date "2015.10.11"]
[Round "1.4"]
[White "Pytel, Bozena"]
[Black "Lambert, Alban"]
[Result "1-0"]
[WhiteElo "1944"]
[BlackElo "1633"]
[PlyCount "131"]
[EventDate "2015.12.06"]
[EventType "team-tourn"]
[EventRounds "7"]
[EventCountry "FRA"]
[SourceTitle "EXT 2024"]
[Source "ChessBase"]
[SourceDate "2023.10.10"]
[SourceVersion "1"]
[SourceVersionDate "2023.10.10"]
[SourceQuality "1"]

1. Nf3 d5 2. d4 Bf5 3. c4 Nf6 4. Nc3 e6 5. Qb3 b6 6. Bg5 dxc4 7. Qxc4 Be7 8. e3 0-0 9. Be2 Nbd7 10. 0-0 c5 11. dxc5 Nxc5 12. Rfd1 Qc8 13. Rac1 Qb7 14. Nd4 Rad8 15. Nxf5 exf5 16. Qf4 Ne6 17. Qxf5 Nxg5 18. Qxg5 Nd5 19. Qf5 Nxc3 20. bxc3 Bf6 21. Bd3 Rfe8 22. Qxh7+ Kf8 23. Bb5 g6 24. Bxe8 Rxe8 25. Qh6+ Bg7 26. Qf4 Kg8 27. Qa4 Re7 28. Rd8+ Bf8 29. Qd4 Re6 30. Rd1 Qc7 31. Qb4 Qe7 32. Qxe7 Rxe7 33. R1d7 Re5 34. Rxa7 Kg7 35. Rdd7 Rf5 36. g3 Bc5 37. a4 g5 38. a5 Rf6 39. a6 b5 40. Rab7 Rxa6 41. Rxb5 Rc6 42. Rbb7 Rf6 43. c4 Kg6 44. Kg2 g4 45. Rbc7 Bb6 46. Rc8 Kg7 47. c5 Ba5 48. c6 Be1 49. c7 Bxf2 50. Re8 Bxe3 51. Rxe3 Rc6 52. Re8 Rxc7 53. Rxc7 Kg6 54. Rg8+ Kf6 55. Rxg4 Ke6 56. Rg7 f6 57. Rc6+ Ke5 58. Ra6 f5 59. Re7+ Kd4 60. Rd6+ Kc5 61. Rd1 Kc6 62. Re2 Kc5 63. Rc2+ Kb4 64. Rb1+ Ka3 65. Rc8 Ka4 66. Ra8# 1-0